| 000 | 00682nam a2200217 a 4500 | ||
|---|---|---|---|
| 005 | 20240913063811.0 | ||
| 008 | 991125s1994 mx 000 0 spa u | ||
| 020 | _a9681642562 | ||
| 035 | _aUPN01000006019 | ||
| 049 | _aCG | ||
| 050 | 4 |
_aE175 _bN428 |
|
| 100 | 1 | _aNevins, Allan | |
| 245 | 1 | 0 |
_aBreve historia de los Estados Unidos / _cAllan Nevins, Henry Steele Commanger, Jeffrey Morris ; tr. Francisco González Aramburo. |
| 260 |
_aMéxico : _bFCE, _c1994. |
||
| 300 | _a718 p. | ||
| 440 | 0 | _aSección de obras de historia | |
| 651 | 4 |
_aEstados Unidos _xHistoria _920434 |
|
| 700 | 1 |
_aSteele Commanger, Henry, _ecoaut. |
|
| 700 | 1 |
_aMorris, Jeffrey, _ecoaut. |
|
| 905 | _aLibro | ||
| 999 |
_c6019 _d6019 |
||